Tác động của quá trình Đô thị hoá đến kinh tế hộ gia đình nông thôn : Nghiên cứu trường hợp vùng ven thị xã Bắc Ninh/
Gespeichert in:
| 1. Verfasser: | |
|---|---|
| Format: | Artikel |
| Sprache: | Vietnamese |
| Schlagworte: | |
| Tags: |
Tag hinzufügen
Keine Tags, Fügen Sie den ersten Tag hinzu!
|
| Thư viện lưu trữ: | Thư viện Trường Đại học Đà Lạt |
|---|
| LEADER | 01035nam a2200349 4500 | ||
|---|---|---|---|
| 001 | DLU040030267 | ||
| 040 | # | # | |a DLU |b vie |
| 041 | # | # | |a vie |
| 044 | # | # | |a vn |
| 100 | # | # | |a Nguyễn Thị Kim Hoa |
| 245 | # | # | |a Tác động của quá trình Đô thị hoá đến kinh tế hộ gia đình nông thôn : |b Nghiên cứu trường hợp vùng ven thị xã Bắc Ninh/ |c Nguyễn Thị Kim Hoa |
| 651 | # | # | |a Bắc Ninh |
| 653 | # | # | |a Đô thị hoá nông thôn |
| 653 | # | # | |a Cơ sở hạ tầng |
| 653 | # | # | |a Hộ gia đình |
| 653 | # | # | |a Nông nghiệp |
| 653 | # | # | |a Sản xuất hàng hoá |
| 773 | # | # | |t Xã hội học |g Số 1, 2000, tr 55 - 61 |
| 920 | # | # | |a Phòng Tạp chí -- Trung tâm Thông tin - Thư viện Trường Đại học Đà Lạt |
| 933 | # | # | |a CP |
| 933 | # | # | |a NL |
| 933 | # | # | |a VN |
| 933 | # | # | |a XH |
| 994 | # | # | |a DLU |
| 900 | # | # | |a True |
| 911 | # | # | |a Trần Văn Thống Nhất |
| 925 | # | # | |a G |
| 926 | # | # | |a A |
| 927 | # | # | |a BB |
| 980 | # | # | |a Thư viện Trường Đại học Đà Lạt |